000 00756nam a2200253Ia 4500
003 OSt
005 20220918165154.0
006 a|||||r|||| 00| 0
007 ta
008 220917b |||||||| |||| 00| 0 eng d
020 _a1405131209 (pbk)
_c695
024 _a238,074
037 _b3159, 12/12/2008, Bharat Scientific Syndicate
_cTextual
040 _aARTS
_cARTS
_beng
041 _2eng
_aeng
082 _aO111,3:g, P5
100 _aEagleton Terry
245 0 _aEnglish novel
260 _aMalden
_bBalckwell Publsihing U.S.A
_c2005
300 _aix, 365p.
_ccm.
650 _aENGLISH LITERATURE
942 _hO111,3:g, P5
_cTEXL
_2CC
999 _c128613
_d128613